| 000 | 01537nam0a2200337 4500 | ||
|---|---|---|---|
| 001 | RU\NLR\bibl\1297699 | ||
| 005 | 20260405182848.0 | ||
| 010 |
_a978-5-87847-442-9 _950 |
||
| 021 |
_aRU _b2008-79477 _94617 |
||
| 035 | _a(NLR Aleph) 001283310 | ||
| 090 |
_a512883 _c512883 |
||
| 100 | _a20081124d2008 |||y0rusy50 ca | ||
| 101 | 0 | _arus | |
| 102 | _aRU | ||
| 105 | _ay ||||||||| | ||
| 200 | 1 |
_a"Родничок": русская народная культура детям _eвоспитательно-образовательная программа _f[Г.А. Антонова, Т.К. Санина, С.Ю. Кузакова, Н.А. Николаева] |
|
| 210 |
_aНовосибирск _cИзд-во НИПКиПРО _d2008 |
||
| 215 |
_a[1], 201 с. _d20 |
||
| 300 | _aАвт. указаны на обороте тит.л. | ||
| 320 | _aБиблиогр.: с. 200-201 (43 назв.) | ||
| 606 | 1 |
_aДошкольники _xВоспитание на традициях русской культуры _92341851 _3RU\NLR\auth\661399740 |
|
| 686 | _aЧ411.352 | ||
| 701 | 1 |
_4070 _8rus _7ca _aАнтонова _bГ. А. _cканд. мед. наук _gГалина Александровна _3RU\NLR\auth\7779526 _962454 |
|
| 701 | 1 |
_aСанина _bТ. К. _4070 |
|
| 701 | 1 |
_aКузакова _bС. Ю. _4070 |
|
| 701 | 1 |
_4070 _8rus _7ca _aНиколаева _bН. А. _cвоспитатель _3RU\NLR\AUTH\7779528 _962456 |
|
| 801 | 0 |
_aRU _bNLR _c20081124 _gRCR |
|
| 801 | 1 |
_aRU _bNLR _c20081124 |
|
| 942 | _cBOOK | ||
| 980 | _aNB | ||